000 00382nam a2200133Ia 4500
005 20260328101459.0
008 260328s9999||||xx |||||||||||||| ||und||
100 _aVattimo, Gianni
245 0 _aEl Fin de la Modernidad :
_b Nihilismo y hemenéutica en la Cultura Postmoderna /
_cGianni Vattimo
260 _bGedisa
300 _a160 p.
650 _aARQUITECTURA MODERNA
942 _cBK
999 _c8916
_d8916